000 00287nam a22001337a 4500
003 SGT
020 _a93-5161-046-2
082 _a344.066
_bKAP
100 _aKAPOOR, N.D.
245 _aELEMENTS OF COMPANY LAW
260 _aDELHI
_bS.CHAND
_c2019
300 _a331
942 _2ddc
_cBK
_063
999 _c19059
_d19059